[Event "SK Dülmen 2 - SC Rochade Emsdetten 3"]
[Site "Verbandsklasse 2019/2020"]
[Date "2019.10.05"]
[Round "2.7"]
[White "Pfeiffer, Erich"]
[Black "Hoffmann, Klaus Peter"]
[Result "0-1"]
[WhiteElo "1575"]
[BlackElo "1522"]
[PlyCount "118"]
[EventDate "2019.??.??"]
[SourceDate "2019.09.20"]

1. d4 Nf6 2. Nc3 d5 3. Bg5 e6 4. e4 dxe4 5. Nxe4 Be7 6. Bxf6 Bxf6 7. c3 O-O 8.
Bd3 Nd7 9. Qc2 h6 10. Nf3 Be7 11. g4 f5 12. gxf5 Rxf5 13. Ned2 Rf4 14. O-O-O c5
15. Rhf1 Nf6 16. dxc5 Bxc5 17. Nb3 Qc7 18. Nxc5 Qxc5 19. Nd4 e5 20. Qb3+ Kh8
21. Ne6 Bxe6 22. Qxe6 e4 23. Qc4 Qg5 24. Rg1 Rg4+ 25. f4 Qxf4+ 26. Kb1 exd3 27.
Rxg4 Qxg4 28. Qxd3 Qe4 29. Kc1 Qxd3 30. Rxd3 Kg8 31. a4 Re8 32. h3 Kf7 33. b4
Rc8 34. Kb2 Ke6 35. Kb3 Ne4 36. c4 a5 37. Rd4 Nd6 38. c5 Nf5 39. Rd3 axb4 40.
Kxb4 Rc6 41. Kb5 Ke7 42. a5 g5 43. Rd5 Rf6 44. Re5+ Kd7 45. Rd5+ Kc7 46. Re5
Nd4+ 47. Kc4 Nc6 48. Re1 Rf4+ 49. Kd3 Rf3+ 50. Re3 Rxe3+ 51. Kxe3 Nxa5 52. Kf3
h5 53. Ke4 g4 54. hxg4 hxg4 55. Kf4 Kc6 56. Kxg4 Kxc5 57. Kf3 Kc4 58. Ke2 Kc3
59. Kd1 Kb2 0-1

[Event "SK Dülmen 2 - SC Rochade Emsdetten 3"]
[Site "Verbandsklasse 2019/2020"]
[Date "2019.10.05"]
[Round "2.8"]
[White "Lindemann, Heinrich"]
[Black "Gatterdam, Karl Heinz"]
[Result "0-1"]
[WhiteElo "1682"]
[BlackElo "1695"]
[PlyCount "70"]
[EventDate "2019.??.??"]
[SourceDate "2019.09.20"]

1. e4 e5 2. Nf3 Nc6 3. Bc4 Bc5 4. c3 Nf6 5. d4 exd4 6. cxd4 Bb4+ 7. Nc3 Nxe4 8.
O-O Bxc3 9. d5 Ne5 10. bxc3 Nxc4 11. Qd4 O-O 12. Qxe4 Nd6 13. Qd3 f6 14. Bf4 b6
15. Rfe1 Bb7 16. Re3 Re8 17. Rae1 Rxe3 18. fxe3 Nf7 19. e4 d6 20. Nd4 Bc8 21.
Qg3 Bd7 22. h4 Qe7 23. a3 Re8 24. Bd2 Kh8 25. Qf2 Ne5 26. Qg3 Qf7 27. Be3 Qh5
28. Bc1 Ng6 29. Nf5 h6 30. Bd2 Bxf5 31. exf5 Rxe1+ 32. Qxe1 Qxf5 33. Qe8+ Kh7
34. Qc6 Nxh4 35. Qe8 Qg4 0-1

[Event "SV Heiden 1 - SC Gronau 2"]
[Site "Verbandsklasse 2019/2020"]
[Date "2019.10.05"]
[Round "2.1"]
[White "Kloenne, Tim"]
[Black "Wienen, Hermann"]
[Result "1/2-1/2"]
[WhiteElo "1801"]
[BlackElo "1943"]
[PlyCount "38"]
[EventDate "2019.??.??"]
[SourceDate "2019.09.20"]

1. c4 e6 2. g3 Nf6 3. Bg2 d5 4. Nf3 Be7 5. O-O O-O 6. d4 c6 7. Qc2 Nbd7 8. Nbd2
Re8 9. e4 dxe4 10. Nxe4 Nxe4 11. Qxe4 Bf6 12. Ne5 Qa5 13. Nd3 Nb6 14. b3 Qf5
15. Qxf5 exf5 16. Bb2 Rd8 17. Rfe1 g6 18. Ne5 Be6 19. Rad1 Bg7 1/2-1/2

[Event "SV Heiden 1 - SC Gronau 2"]
[Site "Verbandsklasse 2019/2020"]
[Date "2019.10.05"]
[Round "2.2"]
[White "Berger, Alfred Josef"]
[Black "Tsoukkerman, Boris Z"]
[Result "1/2-1/2"]
[WhiteElo "1869"]
[BlackElo "1907"]
[PlyCount "42"]
[EventDate "2019.??.??"]
[SourceDate "2019.09.20"]

1. Nf3 d5 2. c4 dxc4 3. Na3 a6 4. g3 b5 5. Bg2 Bb7 6. O-O Nf6 7. b3 cxb3 8.
axb3 e6 9. Bb2 Be7 10. d3 O-O 11. Qd2 Nbd7 12. Rfc1 Nc5 13. Qc2 Bd5 14. Nd4
Bxg2 15. Kxg2 Qd7 16. Rd1 e5 17. Nf3 Qd5 18. Bxe5 Nxb3 19. Ra2 c5 20. Nc4 Nd4
21. Bxd4 bxc4 1/2-1/2

[Event "SV Heiden 1 - SC Gronau 2"]
[Site "Verbandsklasse 2019/2020"]
[Date "2019.10.05"]
[Round "2.3"]
[White "Binger, Friedhelm"]
[Black "Sicking, Norbert"]
[Result "1/2-1/2"]
[WhiteElo "1703"]
[BlackElo "1756"]
[PlyCount "37"]
[EventDate "2019.??.??"]
[SourceDate "2019.09.20"]

1. e4 g6 2. d4 d6 3. f4 b6 4. Nf3 Nd7 5. Be3 Nh6 6. h3 f5 7. e5 e6 8. Ng5 Nf6
9. Qf3 d5 10. Be2 Bd7 11. O-O Nf7 12. Nxf7 Kxf7 13. g4 c6 14. a4 Rb8 15. b3 Qe7
16. Qf2 Bc8 17. Kg2 Nd7 18. gxf5 exf5 19. Kh2 1/2-1/2

[Event "SV Heiden 1 - SC Gronau 2"]
[Site "Verbandsklasse 2019/2020"]
[Date "2019.10.05"]
[Round "2.4"]
[White "Niewerth, Gerd"]
[Black "Reinhold, Klaus"]
[Result "1/2-1/2"]
[WhiteElo "1826"]
[BlackElo "1823"]
[PlyCount "57"]
[EventDate "2019.??.??"]
[SourceDate "2019.09.20"]

1. e4 e5 2. Nf3 Nc6 3. Bb5 a6 4. Ba4 Nf6 5. O-O b5 6. Bb3 Bc5 7. d3 h6 8. Qe2
O-O 9. c3 d6 10. Be3 Bg4 11. h3 Bh5 12. Nbd2 Bxe3 13. Qxe3 Na5 14. Bc2 c5 15.
Rfe1 Rc8 16. g4 Bg6 17. Nf1 b4 18. Ng3 Nc6 19. Nf5 Bxf5 20. exf5 bxc3 21. bxc3
Nd5 22. Qd2 Nf4 23. Kh2 Qa5 24. Bb3 Qd8 25. Rg1 Na5 26. Bc2 Ra8 27. Rab1 Qc7
28. g5 hxg5 29. Nxg5 1/2-1/2

[Event "SV Heiden 1 - SC Gronau 2"]
[Site "Verbandsklasse 2019/2020"]
[Date "2019.10.05"]
[Round "2.5"]
[White "Schoewer Lingemann, Thorsten"]
[Black "Winzenhoerlein, Thomas"]
[Result "1/2-1/2"]
[WhiteElo "1714"]
[BlackElo "1773"]
[PlyCount "57"]
[EventDate "2019.??.??"]
[SourceDate "2019.09.20"]

1. Nf3 d5 2. c4 e6 3. e3 c6 4. d4 f5 5. Be2 Nf6 6. O-O Bd6 7. b3 O-O 8. Bb2 Ne4
9. Nbd2 Nd7 10. Ne5 Qf6 11. f4 Kh8 12. Ndf3 Rg8 13. Bd3 h6 14. Ng5 Bxe5 15.
dxe5 Qe7 16. Nxe4 dxe4 17. Be2 b6 18. Qd6 Qxd6 19. exd6 Kh7 20. Kf2 c5 21. h4
Nf6 22. Rad1 Bd7 23. Bxf6 gxf6 24. Rg1 Rg7 25. Bh5 Rd8 26. Rd2 Bc6 27. g3 Rgd7
28. Rgd1 Kh8 29. Be2 1/2-1/2

[Event "SV Heiden 1 - SC Gronau 2"]
[Site "Verbandsklasse 2019/2020"]
[Date "2019.10.05"]
[Round "2.6"]
[White "Wigger, Niklas"]
[Black "Sprenger, Franz"]
[Result "1-0"]
[WhiteElo "1771"]
[BlackElo "1675"]
[PlyCount "77"]
[EventDate "2019.??.??"]
[SourceDate "2019.09.20"]

1. e4 e5 2. Nf3 Nc6 3. d4 exd4 4. Bc4 Be7 5. c3 d6 6. cxd4 Nf6 7. Nc3 O-O 8.
O-O Bg4 9. Be3 Nxe4 10. Nxe4 d5 11. Bd3 dxe4 12. Bxe4 Qd7 13. Rc1 f5 14. Qb3+
Kh8 15. Bxc6 bxc6 16. Ne5 Qe8 17. Rxc6 Bd6 18. Rfc1 Bh5 19. Bf4 Qe7 20. Qg3 Rg8
21. h4 Rab8 22. Re1 Qe8 23. Rcc1 Qa4 24. Qg5 Be8 25. Nc4 Qd7 26. Nxd6 cxd6 27.
Re7 h6 28. Qg3 Qxe7 29. Bxd6 Qb7 30. Bxb8 Qxb2 31. Rc3 a6 32. Be5 f4 33. Bxf4
Qxa2 34. Be5 a5 35. Rc7 Qb1+ 36. Kh2 Qg6 37. Qf3 a4 38. Ra7 Qb6 39. Rxg7 1-0

[Event "SV Heiden 1 - SC Gronau 2"]
[Site "Verbandsklasse 2019/2020"]
[Date "2019.10.05"]
[Round "2.7"]
[White "Schlueter, Gerhard"]
[Black "Kloster, Elisabeth"]
[Result "1/2-1/2"]
[WhiteElo "1655"]
[BlackElo "1701"]
[PlyCount "37"]
[EventDate "2019.??.??"]
[SourceDate "2019.09.20"]

1. e4 e6 2. d4 d5 3. exd5 exd5 4. Bd3 Bd6 5. Nf3 Ne7 6. O-O h6 7. c3 Bf5 8. Re1
Bxd3 9. Qxd3 O-O 10. Ne5 Nd7 11. f4 c6 12. Nd2 Nf6 13. Ndf3 Ne4 14. Be3 Qc7 15.
g3 Nf5 16. Kg2 Qe7 17. Nd2 Nxe3+ 18. Rxe3 Bxe5 19. fxe5 1/2-1/2

[Event "SV Heiden 1 - SC Gronau 2"]
[Site "Verbandsklasse 2019/2020"]
[Date "2019.10.05"]
[Round "2.8"]
[White "Vestrick, Frank"]
[Black "Baer, Klaus"]
[Result "1/2-1/2"]
[WhiteElo "1667"]
[BlackElo "1675"]
[PlyCount "118"]
[EventDate "2019.??.??"]
[SourceDate "2019.09.20"]

1. d4 Nf6 2. c4 e6 3. Nc3 d5 4. Nf3 c6 5. Bg5 Be7 6. e3 O-O 7. Rc1 dxc4 8. Bxc4
Nd5 9. Bxe7 Qxe7 10. O-O Nd7 11. Qe2 N7f6 12. Rfd1 Bd7 13. e4 Nxc3 14. bxc3
Rfe8 15. e5 Nd5 16. Nd2 b5 17. Bb3 a5 18. Ne4 a4 19. Bc2 f5 20. exf6 Nxf6 21.
Qd3 Nxe4 22. Qxe4 g6 23. Re1 Qf6 24. Qe5 Rf8 25. Re2 Qxe5 26. Rxe5 Rfb8 27. a3
Kg7 28. Rce1 Rf8 29. Be4 Rac8 30. Rc5 Rfd8 31. Rb1 Be8 32. Kf1 Kf6 33. Ke2 Ke7
34. Ke3 Kf6 35. c4 Ke7 36. Bd3 bxc4 37. Rxc4 Ra8 38. Rbb4 Rdb8 39. Rxb8 Rxb8
40. Rxa4 Kd6 41. Ra7 h5 42. Rg7 Ra8 43. Bxg6 Bxg6 44. Rxg6 Rxa3+ 45. Ke4 Ra5
46. f4 Rb5 47. Rg5 Rb2 48. Rg6 Re2+ 49. Kf3 Rd2 50. Ke3 Rd1 51. f5 Re1+ 52. Kd3
Rd1+ 53. Ke3 Re1+ 54. Kd2 Re4 55. Rxe6+ Rxe6 56. fxe6 Kxe6 57. g3 Kf5 58. h3
Ke4 59. Kc3 Kf3 1/2-1/2